000 00620nam a2200253Ia 4500
003 OSt
005 20221005122930.0
006 a|||||r|||| 00| 0
007 ta
008 221004b |||||||| |||| 00| 0 tam d
020 _c2.00
024 _a48982
037 _cTextual
040 _aCRL
_cCRL
_btam
041 _2tam
_atam
082 _aO31,1NMOx, L0
100 _aMohana Rangan Au.
_9632849
245 0 _aKavithaigal
260 _c1970
650 _a TAMIL POETRY
650 _aTAMIL LITERATURE
942 _hO31,1NMOx, L0
_cTEXL
_2cc
999 _c1045823
_d1045823